| 000 | 00706nam a2200217 a 4500 | ||
|---|---|---|---|
| 001 | 363 | ||
| 003 | CDMR | ||
| 005 | 20131129142102.0 | ||
| 008 | 130130s1989||||||||||||||||||||||||spa|d | ||
| 020 | _a9588871028 | ||
| 040 |
_aCDMR _bcat _cCDMR |
||
| 245 |
_aMedios de comunicación y política en América Latina _b: la lucha por la democracia _cElisabeth Fox (ed.) |
||
| 260 |
_aBarcelona _bG. Gili _c1989 |
||
| 300 | _a230 p. | ||
| 490 | 0 | _aGG MassMedia | |
| 650 | 0 | 4 |
_93789 _aMitjans de comunicació de massa _zAmèrica Llatina |
| 650 | 0 | 4 |
_94364 _aPolítica de la comunicació |
| 650 | 0 | 4 |
_92807 _aMitjans de comunicació de massa _xAspectes polítics |
| 700 |
_94420 _aFox, Elisabeth _eed. |
||
| 942 |
_cMON _2udc |
||
| 999 |
_c363 _d363 |
||